000 01571nmc a2200553 a 4500
003 AR-BaBNM
005 20251128205536.0
008 011101s1981 ||||||||||||||000 | spa||
020 _a84-254-0571-8
040 _cAR-BaBNM
100 1 _aSchraml, Walter J.
245 1 0 _aPsicología profunda para educadores
250 _a4ª ed.
260 _aBarcelona
_bHerder
_c1981
300 _a287 p.
_bdiagr.
490 0 _aBiblioteca de psicología
_vv. 7
500 _aApéndice: Psicología profunda y psicodiagnóstico: Los test de rendimiento: p. 274
500 _aLos tests proyectivos: p. 275-278
504 _aBibliografía empleada y recomendada: p. 279-287
600 1 4 _aAdler, Alfred
600 1 4 _aKunkel, F.
600 1 4 _aSeif, L.
600 1 4 _aJung, Carl Gustav
600 1 4 _aBinswanger, L.udwig
_d1881-1966
600 1 4 _aGebsattel, V. Von
600 1 4 _aStrauss, E.
600 1 4 _aFrankl, E.E.
600 1 4 _aCaruso, I.
600 1 4 _aErikson, E.H.
600 1 4 _aHartmann, H.
600 1 4 _aKlein, Melanie
600 1 4 _aZulliger, Hans
600 1 4 _aFreud, Anna
650 4 _aPSICOLOGIA DEL NINO
650 4 _aDESARROLLO AFECTIVO
650 4 _aDESARROLLO AFECTIVO
650 4 _aNEUROSIS
650 4 _aFOBIAS
650 4 _aANGUSTIA
650 4 _aNEUROSIS OBSESIVA
650 4 _aTRASTORNOS EMOCIONALES
650 4 _aHISTERIA
650 4 _aPSICOLOGIA DE LA EDUCACION
650 4 _aPSICOANALISIS
650 4 _aDESARROLLO DE LA PERSONALIDAD
700 1 _aPuente, Rafael
_etraductor
942 _cBK
998 _cSILVI
999 _c11812
_d11812